广东户籍人口最多的20个县级行政区 20 most populous county-level regions in Guangdong - Statistics

General Stats
  • This quiz has been taken 53 times
  • The average score is 16 of 20
Answer Stats
户籍人口/万 地市与排名 县区 % Correct
159 佛山2 顺德区
98%
170 佛山1 南海区
93%
191 汕尾1 陆丰市
91%
122 深圳2 南山区
91%
187 茂名2 高州市
89%
185 湛江2 雷州市
89%
200 茂名1 电白区
86%
252 揭阳1 普宁市
84%
125 深圳1 福田区
84%
187 汕头1 潮阳区
80%
181 茂名3 化州市
80%
123 湛江3 吴川市
80%
122 阳江1 阳春市
75%
151 汕头2 潮南区
73%
130 云浮1 罗定市
73%
187 湛江1 廉江市
70%
147 揭阳2 惠来县
66%
152 梅州1 五华县
64%
136 梅州2 兴宁市
64%
152 茂名4 信宜市
61%
No matching quizzes found
Score Distribution
Percent of People with Each Score
Percentile by Number Answered
Your Score History
You have not taken this quiz